| 000 | 00361nam a2200133Ia 4500 | ||
|---|---|---|---|
| 005 | 20260328104315.0 | ||
| 008 | 260328s9999||||xx |||||||||||||| ||und|| | ||
| 100 | _aKlotz, Heinrich | ||
| 245 | 0 |
_aNeue Museumsbauten, In Der Bundesrepublik Deutschland. / _cHeinrich Klotz |
|
| 260 | _bGoethe Institut | ||
| 300 | _a135 p. | ||
| 650 | _aARQUITECTURA | ||
| 942 | _cBK | ||
| 999 |
_c11108 _d11108 |
||